000 00807nam a22002412 4500
001 0000001053
005 20151021151050.0
008 070223s xx 000 0 eng d
020 _a0310214599 :
_cKES 490
040 _aKABU
_cKABU
050 0 _aBV4509.5
_b.C37
100 1 _aCarson, Ben.
_@0000084142
245 1 0 _aThink big :
_bunleashing your potential for excellence /
_cBen Carson with Cecil Murphey.
260 _aGrand Rapids, MI :
_bZondervan,
_c1992.
300 _a278 p. ;
_c18 cm.
600 1 0 _aCarson, Ben.
_@0000084142
650 0 _aChristian life.
_@0000149167
650 0 _aExcellence
_xReligious aspects
_xChristianity.
_@0000149561
700 1 _aMurphey, Cecil.
_@0000149562
852 1 _9p390 KES
908 _a070223
950 _@1
999 _c300
_d300